000 00410nam a2200181Ia 4500
005 20240823040527.0
008 240823s9999||||xx |||||||||||||| ||und||
041 _aENGLISH
082 _A355.028 P9
100 _aLenin M
245 0 _aRanuvathil Kuvinthulla Velai Vaippukal
250 _a1st
260 _c2009
_bSixth
500 _aYES
650 _aGeneral
_bGeneral
942 _cBK
999 _c203323
_d203323